Normal view
MARC view
- Wisa, Louis
Entry Nombre Personal
001 - NUMERO DE CONTROL
- campo de control: 53123
003 - IDENTIFICADOR DE NUMERO DE CONTROL
- campo de control: DLC
005 - FECHA Y HORA DE LA ÜLTIMA TRANSACCIÓN
- campo de control: 20240820153913.0
008 - DATOS DE LONGITUD FIJA
- campo de control de longitud fija: 240820|| aca||aabn | aaa d
010 ## - NÚMERO DE CONTROL DE LA BIBLIOTECA DEL CONGRESO
- Número de control LC: no2001004208
035 ## - NUMERO DE CONTROL
- Número de control: (OCoLC)oca05394407
040 ## - FUENTE DE CATALOGACIÓN
- Agencia original de catalogación: FU
- Lenguaje de catalogación: spa
- Agencia de transcripción: FU
- Agencia que lo modifica: MX-MxUPN
100 1# - ENCABEZAMIENTO - NOMBRE PERSONAL
- Nombre personal: Wisa, Louis
374 ## - OCUPACIÓN
- Occupation: Ilustrador
670 ## - FUENTE EN LA QUE SE LOCALIZARON DATOS
- Cita de la fuente: LC, 20 agosto 2024 :
- Información localizada: (Wisa, Louis)
- Uniform Resource Identifier: https://lccn.loc.gov/no2001004208
670 ## - FUENTE EN LA QUE SE LOCALIZARON DATOS
- Cita de la fuente: Garis, H. R. Uncle wiggily's travels, 1913 :
- Información localizada: portada (illustrated by Louis Wisa)
902 ## - CATALOGADOR
- Catalogador: MaríaRobles/200824
